000 00580nam a22002057a 4500
003 OSt
005 20160622175916.0
008 160622b xxu||||| |||| 00| 0 eng d
020 _a0443073562
040 _cDNLM.
082 _aQU145H88c 2005.
100 _aEdited by Geissler,catherine;Powers,Hilary;
_99550
245 _aHuman Nutrition.
250 _a11th ed.
260 _aLondon.
_bElsevier Churchill Livingstone.
_c2005.
300 _a743p;
_bcol,ill;
_c27cm.
504 _aIncludes Glossary,references and index
650 _aHuman nutrition.
_96091
942 _2z
_cO_SHELF
999 _c4447
_d4447